| 000 | 00649nam a2200169Ia 4500 | ||
|---|---|---|---|
| 008 | 090124s9999 xx 000 0 und d | ||
| 082 |
_b21577 _a1309 |
||
| 100 | _aभागवत अ.ल. | ||
| 245 | _a योगी अ.ल.भागवतांची अमृतवाणी भाग 1 ला | ||
| 250 | _a0 | ||
| 300 | _a95 | ||
| 600 | _aभागवत अ.ल. | ||
| 630 | _a योगी अ.ल.भागवतांची अमृतवाणी भाग 1 ला | ||
| 700 | _aभागवत अ.ल. | ||
| 730 | _a योगी अ.ल.भागवतांची अमृतवाणी भाग 1 ला | ||
| 942 | _cBOOK | ||
| 999 |
_c135237 _d135237 |
||